000 00889nas a2200289 4500
001 BR0904740
003 BR-BrBNA
005 20231205113535.0
007 ta
008 230509b bl.|||p| |||| 00| 00por d
040 _aBR-BrBNA
_bpor
_cBiblioteca Nacional de Agricultura
041 _a(Pt)
072 _aF02
100 1 _aFerriani, A.P.
100 1 _aBortolini, M.F.
100 1 _aZuffellato-Ribas, K.C.
100 1 _aKoehler, H.S.
245 1 _aPropagação vegetativa via estaquia de azaléia-arbórea (Rhododendron Thomsonii Hook.f.)
650 _aENRAIZAMENTO DE ESTACA
650 _aPROPAGAÇÃO VEGETATIVA
650 _aPLANTA ORNAMENTAL
650 _aMUDA
650 _aAZALEA
773 0 _tSemina. Ciências Agrárias (Brazil)
_xISSN 1676-546X
_g(Jan-Mar 2006), v. 27(1) p. 35-41
_wBR0904740
909 _a202311
_bLúcia
_c55
_dLúcia Elande
942 _2AGRIS
_n0
_cANA
999 _c204321
_d204321